International marketing / (Record no. 2095)
[ view plain ]
| 000 -LEADER | |
|---|---|
| fixed length control field | 01661cam a2200373 a 4500 |
| 001 - CONTROL NUMBER | |
| control field | 2095 |
| 003 - CONTROL NUMBER IDENTIFIER | |
| control field | BD-DhEWU |
| 005 - DATE AND TIME OF LATEST TRANSACTION | |
| control field | 20160606020002.0 |
| 008 - FIXED-LENGTH DATA ELEMENTS--GENERAL INFORMATION | |
| fixed length control field | 030110s2001 ohua g b 001 0 eng d |
| 020 ## - INTERNATIONAL STANDARD BOOK NUMBER | |
| International Standard Book Number | 0324063709 |
| International Standard Book Number | 0324100868 |
| International Standard Book Number | 0324100868 |
| 035 ## - SYSTEM CONTROL NUMBER | |
| System control number | (OCoLC)51518627 |
| 040 ## - CATALOGING SOURCE | |
| Original cataloging agency | DLC |
| Transcribing agency | DLC |
| Language of cataloging | eng |
| 041 ## - LANGUAGE CODE | |
| Language code of text/sound track or separate title | eng |
| 050 00 - LIBRARY OF CONGRESS CALL NUMBER | |
| Classification number | HF1416 |
| Item number | .J35 2001b |
| 082 04 - DEWEY DECIMAL CLASSIFICATION NUMBER | |
| Classification number | 658.848 |
| Item number | JAI 2001 |
| 100 1# - MAIN ENTRY--PERSONAL NAME | |
| Personal name | Jain, Subhash C., |
| 9 (RLIN) | 11774 |
| 245 10 - TITLE STATEMENT | |
| Title | International marketing / |
| Statement of responsibility, etc | Subhash C. Jain. |
| 250 ## - EDITION STATEMENT | |
| Edition statement | 6th ed. |
| 260 ## - PUBLICATION, DISTRIBUTION, ETC. (IMPRINT) | |
| Place of publication, distribution, etc | Cincinnati, Ohio : |
| Name of publisher, distributor, etc | South-Western, |
| Date of publication, distribution, etc | c2001. |
| 300 ## - PHYSICAL DESCRIPTION | |
| Extent | xv, 520, 192, 16 p. : |
| Other physical details | ill. ; |
| Dimensions | 27 cm. |
| 500 ## - GENERAL NOTE | |
| General note | Rev. ed. of: International marketing management. 5th ed. c1996.<br/>Online version:<br/>Jain, Subhash C., 1942-<br/>International marketing.<br/>Cincinnati, Ohio : South-Western, c2001<br/>(OCoLC)752376933 |
| 504 ## - BIBLIOGRAPHY, ETC. NOTE | |
| Bibliography, etc | Includes bibliographical references and indexes. |
| 505 ## - FORMATTED CONTENTS NOTE | |
| Title | TOC |
| Formatted contents note | pt. 1. Framework of international marketing --<br/>pt. 2. Perspectives of international markets --<br/>pt. 3. The field of international business --<br/>pt. 4. Environmental factors affecting international marketing --<br/>pt. 5. International marketing decisions --<br/>pt. 6. Planning and control --<br/>Cases. |
| 526 ## - STUDY PROGRAM INFORMATION NOTE | |
| Program name | BA |
| 590 ## - LOCAL NOTE (RLIN) | |
| Local note | Tahur Ahmed |
| 650 #0 - SUBJECT ADDED ENTRY--TOPICAL TERM | |
| Topical term or geographic name as entry element | Export marketing |
| General subdivision | Management. |
| 9 (RLIN) | 11588 |
| Topical term or geographic name as entry element | Export marketing |
| General subdivision | Management |
| Form subdivision | Case studies. |
| 9 (RLIN) | 11775 |
| 700 1# - ADDED ENTRY--PERSONAL NAME | |
| Personal name | Jain, Subhash C., |
| Dates associated with a name | 1942- |
| Title of a work | International marketing management. |
| 9 (RLIN) | 11776 |
| 856 ## - ELECTRONIC LOCATION AND ACCESS | |
| Materials specified | WorldCat details |
| Uniform Resource Identifier | http://www.worldcat.org/title/international-marketing/oclc/51518627&referer=brief_results |
| 942 ## - ADDED ENTRY ELEMENTS (KOHA) | |
| Source of classification or shelving scheme | Dewey Decimal Classification |
| Koha item type | Text |
| Koha issues (borrowed), all copies | 2 |
| Withdrawn status | Lost status | Source of classification or shelving scheme | Damaged status | Not for loan | Collection code | Home library | Current library | Shelving location | Date acquired | Source of acquisition | Cost, normal purchase price | Total Checkouts | Full call number | Barcode | Copy number | Koha item type | Date last seen | Date checked out |
|---|---|---|---|---|---|---|---|---|---|---|---|---|---|---|---|---|---|---|
| Dewey Decimal Classification | Not For Loan | Non-fiction | Dr. S. R. Lasker Library, EWU | Dr. S. R. Lasker Library, EWU | Reserve Section | 04/05/2003 | Karim International | 592.50 | 658.8 48 | 11173 | C-1 | Text | ||||||
| Dewey Decimal Classification | Not For Loan | Non-fiction | Dr. S. R. Lasker Library, EWU | Dr. S. R. Lasker Library, EWU | Reserve Section | 04/05/2003 | Karim International | 592.50 | 658.8 48 | 11175 | C-3 | Text | ||||||
| Dewey Decimal Classification | Non-fiction | Dr. S. R. Lasker Library, EWU | Dr. S. R. Lasker Library, EWU | Circulation Section | 04/05/2003 | Karim International | 592.50 | 2 | 658.8 48 | 11178 | C-6 | Text | 24/05/2016 | 17/05/2016 | ||||
| Dewey Decimal Classification | Non-fiction | Dr. S. R. Lasker Library, EWU | Dr. S. R. Lasker Library, EWU | Circulation Section | 04/05/2003 | Karim International | 592.50 | 1 | 658.8 48 | 11180 | C-8 | Text | 19/10/2023 | 19/10/2023 | ||||
| Dewey Decimal Classification | Non-fiction | Dr. S. R. Lasker Library, EWU | Dr. S. R. Lasker Library, EWU | Circulation Section | 04/05/2003 | Karim International | 592.50 | 1 | 658.8 48 | 11183 | C-11 | Text | 24/10/2011 | 24/10/2011 | ||||
| Dewey Decimal Classification | Non-fiction | Dr. S. R. Lasker Library, EWU | Dr. S. R. Lasker Library, EWU | Circulation Section | 04/05/2003 | Karim International | 592.50 | 658.8 48 | 11185 | C-13 | Text | |||||||
| Dewey Decimal Classification | Non-fiction | Dr. S. R. Lasker Library, EWU | Dr. S. R. Lasker Library, EWU | Circulation Section | 04/05/2003 | Karim International | 592.50 | 658.8 48 | 11186 | C-14 | Text | |||||||
| Dewey Decimal Classification | Not For Loan | Non-fiction | Dr. S. R. Lasker Library, EWU | Dr. S. R. Lasker Library, EWU | Reserve Section | 04/05/2003 | Karim International | 592.50 | 658.8 48 | 11174 | C-2 | Text | ||||||
| Dewey Decimal Classification | Non-fiction | Dr. S. R. Lasker Library, EWU | Dr. S. R. Lasker Library, EWU | Circulation Section | 04/05/2003 | Karim International | 592.50 | 658.8 48 | 11176 | C-4 | Text | |||||||
| Dewey Decimal Classification | Non-fiction | Dr. S. R. Lasker Library, EWU | Dr. S. R. Lasker Library, EWU | Circulation Section | 04/05/2003 | Karim International | 592.50 | 658.8 48 | 11177 | C-5 | Text | |||||||
| Dewey Decimal Classification | Non-fiction | Dr. S. R. Lasker Library, EWU | Dr. S. R. Lasker Library, EWU | Circulation Section | 04/05/2003 | Karim International | 592.50 | 1 | 658.8 48 | 11179 | C-7 | Text | 09/06/2016 | 05/06/2016 | ||||
| Dewey Decimal Classification | Non-fiction | Dr. S. R. Lasker Library, EWU | Dr. S. R. Lasker Library, EWU | Circulation Section | 04/05/2003 | Karim International | 592.50 | 658.8 48 | 11181 | C-9 | Text | |||||||
| Dewey Decimal Classification | Non-fiction | Dr. S. R. Lasker Library, EWU | Dr. S. R. Lasker Library, EWU | Circulation Section | 04/05/2003 | Karim International | 592.50 | 1 | 658.8 48 | 11182 | C-10 | Text | 30/10/2023 | 19/10/2023 | ||||
| Dewey Decimal Classification | Non-fiction | Dr. S. R. Lasker Library, EWU | Dr. S. R. Lasker Library, EWU | Circulation Section | 04/05/2003 | Karim International | 592.50 | 658.8 48 | 11184 | C-12 | Text | |||||||
| Dewey Decimal Classification | Non-fiction | Dr. S. R. Lasker Library, EWU | Dr. S. R. Lasker Library, EWU | Circulation Section | 04/05/2003 | Karim International | 592.50 | 658.8 48 | 11187 | C-15 | Text |